000
00248nam a22001217a 4500
020
_a
F
082
_a
823
_b
WIL/L
100
_a
WILLSON, SARAH
245
_a
LET MY BABIES GO
260
_a
UK
_b
SCHOLASTIC
650
_a
ENGLISH SHORT STORY
942
_c
BK
999
_c
3451
_d
3451